| 000 | 00759nam a22001577a 4500 | ||
|---|---|---|---|
| 003 | OSt | ||
| 005 | 20150921151453.0 | ||
| 008 | 150921b xxu||||| |||| 00| 0 eng d | ||
| 040 | _cRUA | ||
| 082 | _aAGR SIV 2010 BO43 Or.1 | ||
| 100 |
_91021 _aVIVE, THEA |
||
| 245 | _aEFFECT VARIOUS FERTILIZER APPLICATION ON CHINESE KALA CROP AT PREK ANH CHANH COMMUNE, MUK KAMPUAL DISTRICT, KANDAL PROVINCE,(ឥទ្ធិពលជីប្រភេទផ្សេងគ្នាលើដំណាំខាត់ណាក្នុងលក្ខខណ្ឌឃុំព្រែកអញ្ចាញ ក្រុកមមុខកំពូល ខេត្តពោធិសាត់). | ||
| 260 |
_aPHNOMM PHEN _bRUA _c2010 |
||
| 300 |
_aX,50P _bILL. _c29CM. |
||
| 942 |
_2ddc _cAGR |
||
| 999 |
_c978 _d978 |
||